000 00856nam a2200277Ia 4500
003 OSt
005 20220928112543.0
006 a|||||r|||| 00| 0
007 ta
008 220927b |||||||| |||| 00| 0 eng d
020 _c1695
024 _a129719
037 _b2818, 01/03/2016, New India Book Agency
_cTextual
040 _aSDCL
_cSDCL
_beng
041 _2eng
_aeng
082 _aE982n1,N55, Q0
100 _aBurgess Richard R.
_9428721
245 0 _aMethods in enzymology
_b Guide to protein purification
250 _a2nd
260 _aNew Delhi
_bElsevier
_c2010
300 _aliii,851p
_ccm.
650 _aBiochemistry
700 _a Deutscher Murray P.
_9428722
942 _hE982n1,N55, Q0
_cTEXL
_2CC
999 _c745252
_d745252